| 000 -LEADER |
| fixed length control field |
00811nam a22002177a 4500 |
| 003 - CONTROL NUMBER IDENTIFIER |
| control field |
OSt |
| 005 - DATE AND TIME OF LATEST TRANSACTION |
| control field |
20220917045614.0 |
| 008 - FIXED-LENGTH DATA ELEMENTS--GENERAL INFORMATION |
| fixed length control field |
220917b ||||| |||| 00| 0 eng d |
| 040 ## - CATALOGING SOURCE |
| Original cataloging agency |
SSBUL |
| Transcribing agency |
SSBUL |
| 082 ## - DEWEY DECIMAL CLASSIFICATION NUMBER |
| Edition number |
23 |
| Classification number |
020 |
| 100 0# - MAIN ENTRY--PERSONAL NAME |
| Personal name |
Thaw Kaung, |
| Titles and words associated with a name |
U |
| 245 10 - TITLE STATEMENT |
| Title |
From the librarian's window : |
| Remainder of title |
views of library and manuscripts studies and Myanmar literature / |
| Statement of responsibility, etc. |
U Thaw Kaung. |
| 260 ## - PUBLICATION, DISTRIBUTION, ETC. |
| Place of publication, distribution, etc. |
Yangon : |
| Name of publisher, distributor, etc. |
Myanmar Book Center, |
| Date of publication, distribution, etc. |
2008. |
| 300 ## - PHYSICAL DESCRIPTION |
| Extent |
190 pages ; |
| Dimensions |
22 cm. |
| 504 ## - BIBLIOGRAPHY, ETC. NOTE |
| Bibliography, etc. note |
Includes bibliography and endnotes. |
| 650 ## - SUBJECT ADDED ENTRY--TOPICAL TERM |
| Topical term or geographic name entry element |
Library Science |
|
| Topical term or geographic name entry element |
Manuscripts |
| Geographic subdivision |
Myanmar |
|
| Topical term or geographic name entry element |
Myanmar literature |
| General subdivision |
History and criticism |
| 910 ## - USER-OPTION DATA (OCLC) |
| User-option data |
Myanmar Library Association(MLA), Biographical writing, Myanmar fiction, Preservation and Conservation (PAC) |
| 942 ## - ADDED ENTRY ELEMENTS (KOHA) |
| Koha item type |
Book (Short term) |
| 100 0# - MAIN ENTRY--PERSONAL NAME |
| 9 (RLIN) |
10955 |
| 650 ## - SUBJECT ADDED ENTRY--TOPICAL TERM |
| 9 (RLIN) |
10956 |
|
| 9 (RLIN) |
10957 |
|
| 9 (RLIN) |
10958 |
| 942 ## - ADDED ENTRY ELEMENTS (KOHA) |
| Source of classification or shelving scheme |
|